000 00472nam a2200181 a 4500
003 OSt
005 20151201163346.0
008 020226s1997 esp 000 1 spa d
020 _a84-204-8373-7
040 _cBMC
082 _a863.9933
100 1 _aSerrano, Marcela
_932007
245 1 3 _aEl albergue de las mujeres tristes
_cMarcela Serrano
260 _aMadrid
_bAlfaguara
_cD.L.1997
300 _a390 p.
_c21 cm
650 2 4 _929373
_aNovela chilena
942 _2ddc
_cBK
999 _c23645
_d23645